| 000 | 00395cam a2200169ua 4500 | ||
|---|---|---|---|
| 020 | _c3.00 | ||
| 041 |
_ahin _h |
||
| 082 |
_a891.54 _bMYD/DA |
||
| 100 | _aMydhali, Sharan Gupt . | ||
| 245 |
_aDapar / _cMydhali Sharan Gupt. _hTextual Documents |
||
| 260 |
_a : _bSahithya Sadan , _c1961. |
||
| 300 | _a222 ; . | ||
| 365 | _a3.00 | ||
| 504 | _a | ||
| 942 | _cBK | ||
| 999 |
_c11868 _d11868 |
||